000 00418nam a2200181Ia 4500
001 25348
005 20260414151144.0
008 260414t2022||||xx |||||||||||||| ||spa||
041 _aESP
082 _a346.5
_bC34A
100 _aCastillo Freyre, Mario
_eAUT
245 0 _aActo jurídico
_b
260 _c2022
300 _a366 páginas :
_c25 cm.
650 _aDER
654 _aCDE
942 _cLIB
_dJUS
_fJUS
_2ddc
_n
999 _c25348
_d25348